| 000 | 00380nam a2200145Ia 4500 | ||
|---|---|---|---|
| 008 | 231129s1982||||xx |||||||||||||| ||spa|| | ||
| 020 | _a84-85609-56-5 | ||
| 040 | _bspa | ||
| 082 | _a612.6 L864z | ||
| 100 | _aLopez Ibor J.J. | ||
| 245 | 0 | _aLas zonas erogenas de la pareja | |
| 260 | _c1982 | ||
| 264 | _aEdiciones UVE | ||
| 942 |
_2ddc _cBKS |
||
| 999 |
_c19023 _d19023 |
||